NCAA American East Division - Statistics

General Stats
  • This quiz has been taken 8 times
  • The average score is 5 of 10
Answer Stats
Answer % Correct
NJIT
75%
Vermont
75%
Albany
50%
Binghamton
50%
Hartford
50%
Maine
50%
New Hampshire
50%
Stony Brook
50%
UMBC
50%
Mass-Lowell
25%
No matching quizzes found
Score Distribution
Percent of People with Each Score
Percentile by Number Answered
Your Score History
You have not taken this quiz